ديوان ذى الرمة / (رقم التسجيلة. 179956)
[ عرض عادي ]
| 000 -LEADER | |
|---|---|
| fixed length control field | 01575namaa22003251i 4500 |
| 003 - CONTROL NUMBER IDENTIFIER | |
| control field | EG-GICUC |
| 005 - DATE AND TIME OF LATEST TRANSACTION | |
| control field | 20260504130618.0 |
| 008 - FIXED-LENGTH DATA ELEMENTS--GENERAL INFORMATION | |
| fixed length control field | 260504s1993 le ah||jr|||| 001 0 ara d |
| 040 ## - CATALOGING SOURCE | |
| Original cataloging agency | EG-GiCUC |
| Language of cataloging | ara |
| Transcribing agency | EG-GiCUC |
| Modifying agency | EG-GiCUC |
| Description conventions | rda |
| 082 04 - DEWEY DECIMAL CLASSIFICATION NUMBER | |
| Edition number | 21 |
| Classification number | 811.3 |
| Item number | D535s 1993 |
| 092 04 - LOCALLY ASSIGNED DEWEY CALL NUMBER (OCLC) | |
| Edition number | 21 |
| Classification number | 811.3 |
| Item number | D535s 1993 |
| 099 ## - LOCAL FREE-TEXT CALL NUMBER (OCLC) | |
| Classification number | 811.3 D535s 1993 |
| 100 1# - MAIN ENTRY--PERSONAL NAME | |
| Personal name | صاحب الاصمعى، ابى نصر احمد بن حاتم الباهلى |
| Relator term | مؤلف. |
| 245 10 - TITLE STATEMENT | |
| Title | ديوان ذى الرمة / |
| Statement of responsibility, etc. | غيلان بن عقبة العدوى ؛ شرح الامام ابى نصر احمد بن حاتم الباهلى صاحب الاصمعى رواية الامام ابى عباس ثعلب ؛ حققه وقدم له وعلق عليه عبد القدوس ابو صالح |
| 246 30 - VARYING FORM OF TITLE | |
| Title proper/short title | ذى الرمة |
| 260 ## - PUBLICATION, DISTRIBUTION, ETC. | |
| Place of publication, distribution, etc. | الطبعة الثالثة ؛ |
| Name of publisher, distributor, etc. | مزيدة ومنقحة. |
| 264 ## - PRODUCTION, PUBLICATION, DISTRIBUTION, MANUFACTURE, AND COPYRIGHT NOTICE | |
| Place of production, publication, distribution, manufacture | بيروت : |
| Name of producer, publisher, distributor, manufacturer | مؤسسة الرسالة، |
| Date of production, publication, distribution, manufacture, or copyright notice | 1993. |
| 300 ## - PHYSICAL DESCRIPTION | |
| Extent | 3مجلدات |
| Other physical details | إيضاحيات، مثيليات ؛ |
| Dimensions | 24 سم. |
| 336 ## - CONTENT TYPE | |
| Source | rdacontent |
| Content type term | text |
| 337 ## - MEDIA TYPE | |
| Source | rdamedia |
| Media type term | Unmediated |
| 338 ## - CARRIER TYPE | |
| Source | rdacarrier |
| Carrier type term | volume |
| 504 ## - BIBLIOGRAPHY, ETC. NOTE | |
| Bibliography, etc. note | يشتمل على ارجاعات ببليوجرافية وهوامش. |
| 541 ## - IMMEDIATE SOURCE OF ACQUISITION NOTE | |
| Source of acquisition | د. جابر عصفور ؛ |
| Address | القاهرة ؛ |
| Method of acquisition | إهداء ؛ |
| Date of acquisition | 2024. |
| 600 ## - SUBJECT ADDED ENTRY--PERSONAL NAME | |
| Personal name | ذوالرمة، غيلان بن عقبة، |
| Dates associated with a name | 696-735. |
| 650 17 - SUBJECT ADDED ENTRY--TOPICAL TERM | |
| Topical term or geographic name entry element | الشعر العربى |
| General subdivision | تاريخ و نقد |
| Chronological subdivision | العصر الاموى |
| Source of heading or term | qrmak |
| 651 1# - SUBJECT ADDED ENTRY--GEOGRAPHIC NAME | |
| Source of heading or term | qrmak |
| 700 1# - ADDED ENTRY--PERSONAL NAME | |
| Personal name | ابو صالح، عبد القدوس |
| Relator term | محقق. |
| 905 ## - Cataloger and Reviser Names | |
| Cataloger Name | Noha |
| 942 ## - ADDED ENTRY ELEMENTS (KOHA) | |
| Source of classification or shelving scheme | Dewey Decimal Classification |
| Koha item type | Reference |
| Edition | 21 |
| Suppress in OPAC | No |
| Withdrawn status | Lost status | Source of classification or shelving scheme | Damaged status | Not for loan | Home library | Current library | Date acquired | Inventory number | Total checkouts | Full call number | Barcode | Date last seen | Price effective from | Koha item type |
|---|---|---|---|---|---|---|---|---|---|---|---|---|---|---|
| Dewey Decimal Classification | Not for loan | المكتبة المركزبة الجديدة - جامعة القاهرة | قاعة المكتبات المهداة - الدور الرابع | 04.05.2026 | 175261 | 811.3 D535s 1993 v.1 Ref. J.U. | 01000100175261001 | 04.05.2026 | 04.05.2026 | Reference | ||||
| Dewey Decimal Classification | Not for loan | المكتبة المركزبة الجديدة - جامعة القاهرة | قاعة المكتبات المهداة - الدور الرابع | 04.05.2026 | 175261 | 811.3 D535s 1993 v.2 Ref. J.U. | 01000100175261002 | 04.05.2026 | 04.05.2026 | Reference | ||||
| Dewey Decimal Classification | Not for loan | المكتبة المركزبة الجديدة - جامعة القاهرة | قاعة المكتبات المهداة - الدور الرابع | 04.05.2026 | 175261 | 811.3 D535s 1993 v.3 Ref. J.U. | 01000100175261003 | 04.05.2026 | 04.05.2026 | Reference |